000 004600000a22001810004500
003 MACL
005 20151231123830.0
008 151231b xxu||||| |||| 00| 0 eng d
040 _aMACL
_cMACL
041 _aEnglish
082 _a352.48/TAN
100 _aTandon, Dr B K
_925543
245 _aCentral Budget
_ba study
260 _bProgress Publishers
_c1979
_aBhopal
350 _a20
650 _aPublic Administration
_925544
942 _cBK
_k352.48/TAN
_2ddc
999 _c34364
_d34364